| 000 | 01046nas a2200349 4500 | ||
|---|---|---|---|
| 001 | BR2015002207 | ||
| 003 | BR-BrBNA | ||
| 005 | 20231205125302.0 | ||
| 007 | ta | ||
| 008 | 230509b bl.|||p| |||| 00| 00por d | ||
| 040 |
_aBR-BrBNA _bpor _cBiblioteca Nacional de Agricultura |
||
| 041 | _a(Pt) | ||
| 072 | _aF61 | ||
| 100 | 1 | _aRosa, Y.B.C.J. | |
| 100 | 1 | _aWollemberg, S. | |
| 100 | 1 | _aSilva, E.F. da | |
| 100 | 1 | _aRosa Junior, E.J. | |
| 100 | 1 | _aNunes, M.F. | |
| 100 | 1 | _aSorgato, J.C. | |
| 100 | 1 | _aRosa, D.B.C.J. | |
| 100 | 1 | _aSoares, J.S. | |
| 100 | 1 | _aRosa, C.S.L. | |
| 245 | 1 | _aDesenvolvimento de gladíolos em função da adubação nitrogenada e diâmetro do cormo | |
| 650 | _aGLADIOLUS GRANDIFLORUS | ||
| 650 | _aPLANTA ORNAMENTAL | ||
| 650 | _aFLORICULTURA | ||
| 650 | _aBULBO | ||
| 650 | _aNUTRIÇÃO VEGETAL | ||
| 773 | 0 |
_tRevista Brasileira de Horticultura ornamental (Brazil) _xISSN 1809-6093 _g(2014), v. 20(1) p. 88-91 _wBR2015002207 |
|
| 909 |
_a202311 _bLúcia _c55 _dLúcia Elande |
||
| 942 |
_2AGRIS _n0 _cANA |
||
| 999 |
_c243608 _d243608 |
||